Logo BPK

Biblioteka

Politechniki Koszalińskiej

CAE practice tests 2 : (Rekord nr 34634)

Szczegóły MARC
000 -ETYKIETA REKORDU
podpole kontrolne o stałej długości 00597nam a2200205 i 4500
001 - NUMER KONTROLNY REKORDU
pole kontrolne bg
020 ## - MIĘDZYNARODOWY ZNORMALIZOWANY NUMER KSIĄŻKI - ISBN
ISBN 0521448867
040 ## - ŹRÓDŁO KATALOGOWANIA
Instytucja, która utworzyła rekord BPK
041 0# - KOD JĘZYKA
Kod języka tekstu en
080 ## - UNIWERSALNA KLASYFIKACJA DZIESIĘTNA - UKD
UKD 811.111(075.8)
920 ## - Międzynarodowy znormalizowany numer książki – ISBN
ISBN 0-521-44886-7
008 - POLE O STAŁEJ DŁUGOŚCI - DANE KONTROLNE
podpole kontrolne o stałej długości s pl f |000 0 pol
100 1# - NAZWA OSOBOWA
Nazwa osobowa HASHEMI, Louise.
245 10 - TYTUŁ/ODPOWIEDZIALNOŚĆ
Tytuł CAE practice tests 2 :
Ciąg dalszy tytułu [student's book] /
Pozostałe elementy strefy tytułu i oznaczenia odpowiedzialności Louise Hashemi.
260 ## - STREFA ADRESU WYDAWNICZEGO
Miejsce wydania Cambridge :
Nazwa wydawcy/dystrybutora Cambridge Univ. Press,
Data publikacji, dystrybucji/powstania dokumentu repr. 1995.
300 ## - STREFA OPISU FIZYCZNEGO
Objętość VIII, 101 s., 12 s.tabl. :
Inne cechy fizyczne fot., rys. (w tym kolor.) ;
Rozmiary 25 cm.
650 #9 - HASŁO PRZEDMIOTOWE W FORMIE NAZWY OGÓLNEJ LUB JEDNOSTKOWEJ
Nazwa ogólna lub geograficzna Język angielski
655 ## - TERMIN INDEKSOWY - OKREŚLENIE RODZAJU/FORMY DOKUMENTU
Określenie rodzaju/formy dokumentu Podręczniki akademickie
942 ## - DODATKOWE ELEMENTY (KOHA)
Typ dokumentu Książka
Egzemplarze
Wycofany Status egzemplarza Uszkodzony Dostępność Lokalizacja stała Lokalizacja bieżąca Miejsce przechowywania Sygnatura Kod kreskowy Ostatnio wypożyczono Typ dokumentu
      Dostępny Biblioteka Politechniki Koszalińskiej Biblioteka Politechniki Koszalińskiej Wypożyczalnia BG 48007 01402858 23.10.2013 Książka
© 2023 Biblioteka Politechniki Koszalińskiej :: KOHA